Real web project management: Case studies and best practices from the trenches
Đã lưu trong:
| Tác giả chính: | |
|---|---|
| Định dạng: | Sách |
| Ngôn ngữ: | Undetermined |
| Được phát hành: |
Boston, MA
Addision-Wesley
2003
|
| Những chủ đề: | |
| Các nhãn: |
Thêm thẻ
Không có thẻ, Là người đầu tiên thẻ bản ghi này!
|
| Thư viện lưu trữ: | Trung tâm Học liệu Trường Đại học Cần Thơ |
|---|
| LEADER | 00624nam a2200193Ia 4500 | ||
|---|---|---|---|
| 001 | CTU_67171 | ||
| 008 | 210402s9999 xx 000 0 und d | ||
| 020 | |b 23 | ||
| 082 | |a 005.276 | ||
| 082 | |b S322 | ||
| 100 | |a Thomas J. Shelford | ||
| 245 | 0 | |a Real web project management: Case studies and best practices from the trenches | |
| 245 | 0 | |c Thomas J. Shelford and Gregory A. Remillard | |
| 260 | |a Boston, MA | ||
| 260 | |b Addision-Wesley | ||
| 260 | |c 2003 | ||
| 650 | |a web site development,project management,computer software management | ||
| 904 | |i Minh | ||
| 980 | |a Trung tâm Học liệu Trường Đại học Cần Thơ | ||